Score 0/24 Timer 02:00
0 Plays Today
Movie Title Missing Word % Correct
_____ Will HuntingGood
94.6%
_____ at the MuseumNight
93.8%
Good _____, VietnamMorning
91.7%
Mrs. _____Doubtfire
90.5%
Dead _____ SocietyPoets
89.3%
Patch _____Adams
81.4%
_____ FeetHappy
78.3%
Bicentennial _____Man
76.9%
The _____ According to GarpWorld
75.3%
_____ MonthsNine
59.4%
One Hour _____Photo
55.4%
_____ to SmoochyDeath
55.4%
Movie Title Missing Word % Correct
The Fisher _____King
47.7%
Man of the _____Year
43.4%
August _____Rush
40.3%
What _____ May ComeDreams
35.1%
_____ DogsOld
30.7%
The Adventures of _____ MunchausenBaron
26.4%
Jakob the _____Liar
23.1%
_____ AgainDead
15%
_____ on the HudsonMoscow
14.4%
The Best of _____Times
10.6%
_____ the ClownShakes
5.4%
_____ ParadiseClub
3.9%

Today's Daily Dose

Missing Word
'T' Pairs

Word Ladder
Game Pieces

Get the Picture
Baseball Movies

Remove Ads.
Support Sporcle.
Get the best of Sporcle when you Go Orange. This ad-free experience offers more features, more stats, and more fun while also helping to support Sporcle. Thank you for becoming a member.

You're not logged in!

Compare scores with friends on all Sporcle quizzes.
OR
Log In

Show Comments

Extras

Top Quizzes Today


Score Distribution

Your Account Isn't Verified!

In order to create a playlist on Sporcle, you need to verify the email address you used during registration. Go to your Sporcle Settings to finish the process.

Report this User

Report this user for behavior that violates our Community Guidelines.

Details: